<?xml version="1.0" encoding="UTF-8"?>
<record
    xmlns:xsi="http://www.w3.org/2001/XMLSchema-instance"
    xsi:schemaLocation="http://www.loc.gov/MARC21/slim http://www.loc.gov/standards/marcxml/schema/MARC21slim.xsd"
    xmlns="http://www.loc.gov/MARC21/slim">

  <leader>03640nam0a2200541   4500</leader>
  <controlfield tag="001">RU\NLR\BIBL_A\011985271</controlfield>
  <controlfield tag="005">20260407094426.0</controlfield>
  <datafield tag="020" ind1=" " ind2=" ">
    <subfield code="a">RU</subfield>
    <subfield code="9">&#x41B;&#x435;&#x43D;&#x438;&#x43D;&#x433;&#x440;&#x430;&#x434; &#x432; &#x412;&#x435;&#x43B;&#x438;&#x43A;&#x43E;&#x439; &#x41E;&#x442;&#x435;&#x447;&#x435;&#x441;&#x442;&#x432;&#x435;&#x43D;&#x43D;&#x43E;&#x439; &#x432;&#x43E;&#x439;&#x43D;&#x435;. &#x41A;&#x43E;&#x43B;&#x43B;&#x435;&#x43A;&#x446;&#x438;&#x44F;. &#x410;&#x444;&#x438;&#x448;&#x438;</subfield>
  </datafield>
  <datafield tag="035" ind1=" " ind2=" ">
    <subfield code="a">(NLR Aleph) 011985271</subfield>
  </datafield>
  <datafield tag="090" ind1=" " ind2=" ">
    <subfield code="a">11329658</subfield>
    <subfield code="c">11329658</subfield>
  </datafield>
  <datafield tag="100" ind1=" " ind2=" ">
    <subfield code="a">20190410d1943    u  y0rusy50      ca</subfield>
  </datafield>
  <datafield tag="101" ind1="0" ind2=" ">
    <subfield code="a">rus</subfield>
  </datafield>
  <datafield tag="102" ind1=" " ind2=" ">
    <subfield code="a">RU</subfield>
  </datafield>
  <datafield tag="105" ind1=" " ind2=" ">
    <subfield code="a">y   z   000zy</subfield>
  </datafield>
  <datafield tag="135" ind1=" " ind2=" ">
    <subfield code="a">crcn 024anaba</subfield>
  </datafield>
  <datafield tag="200" ind1="1" ind2=" ">
    <subfield code="a">&#x412;&#x44B;&#x435;&#x437;&#x434;&#x43D;&#x44B;&#x435; &#x441;&#x43F;&#x435;&#x43A;&#x442;&#x430;&#x43A;&#x43B;&#x438; &#x442;&#x435;&#x430;&#x442;&#x440;&#x430; &#x41A;&#x440;&#x430;&#x441;&#x43D;&#x43E;&#x437;&#x43D;&#x430;&#x43C;&#x435;&#x43D;&#x43D;&#x43E;&#x433;&#x43E; &#x411;&#x430;&#x43B;&#x442;&#x444;&#x43B;&#x43E;&#x442;&#x430;, 19 &#x438;&#x44E;&#x43B;&#x44F; 1943 &#x433;. &#x41A;. &#x421;&#x438;&#x43C;&#x43E;&#x43D;&#x43E;&#x432; (&#x41B;&#x430;&#x443;&#x440;&#x435;&#x430;&#x442; &#x421;&#x442;&#x430;&#x43B;&#x438;&#x43D;&#x441;&#x43A;&#x43E;&#x439; &#x43F;&#x440;&#x435;&#x43C;&#x438;&#x438;). "&#x420;&#x443;&#x441;&#x441;&#x43A;&#x438;&#x435; &#x43B;&#x44E;&#x434;&#x438;": &#x43F;&#x44C;&#x435;&#x441;&#x430; &#x432; 3 &#x434;&#x435;&#x439;&#x441;&#x442;&#x432;&#x438;&#x44F;&#x445; 9 &#x43A;&#x430;&#x440;&#x442;&#x438;&#x43D;&#x430;&#x445;. &#x41F;&#x43E;&#x441;&#x442;&#x430;&#x43D;&#x43E;&#x432;&#x43A;&#x430; &#x437;&#x430;&#x441;&#x43B;&#x443;&#x436;&#x435;&#x43D;&#x43D;&#x43E;&#x433;&#x43E; &#x430;&#x440;&#x442;&#x438;&#x441;&#x442;&#x430; &#x420;&#x421;&#x424;&#x421;&#x420; &#x410;.&#x412;. &#x41F;&#x435;&#x440;&#x433;&#x430;&#x43C;&#x435;&#x43D;&#x442; (&#x43E;&#x440;&#x434;.) &#x438; &#x437;&#x430;&#x441;&#x43B;&#x443;&#x436;&#x435;&#x43D;&#x43D;&#x43E;&#x433;&#x43E; &#x430;&#x440;&#x442;&#x438;&#x441;&#x442;&#x430; &#x420;&#x421;&#x424;&#x421;&#x420; &#x412;.&#x418;. &#x427;&#x435;&#x441;&#x442;&#x43D;&#x43E;&#x43A;&#x43E;&#x432;&#x430;. &#x425;&#x443;&#x434;&#x43E;&#x436;&#x43D;&#x438;&#x43A; - &#x412;.&#x41C;. &#x41A;&#x43E;&#x432;&#x430;&#x43B;&#x435;&#x43D;&#x43A;&#x43E; (&#x43E;&#x440;&#x434;.).</subfield>
    <subfield code="e">[&#x430;&#x444;&#x438;&#x448;&#x430;]</subfield>
    <subfield code="f">&#x41A;&#x43B;&#x443;&#x431; &#x438;&#x43C;&#x435;&#x43D;&#x438; &#x421;&#x435;&#x440;&#x433;&#x43E; &#x41E;&#x440;&#x434;&#x436;&#x43E;&#x43D;&#x438;&#x43A;&#x438;&#x434;&#x437;&#x435;</subfield>
  </datafield>
  <datafield tag="210" ind1=" " ind2=" ">
    <subfield code="a">[&#x41B;&#x435;&#x43D;&#x438;&#x43D;&#x433;&#x440;&#x430;&#x434;]</subfield>
    <subfield code="c">&#x422;&#x438;&#x43F;&#x43E;&#x433;&#x440;&#x430;&#x444;&#x438;&#x44F; &#x41A;&#x430;&#x440;&#x442;&#x444;&#x430;&#x431;&#x440;&#x438;&#x43A;&#x438; &#x413;&#x43E;&#x441;&#x433;&#x435;&#x43E;&#x43B;&#x438;&#x437;&#x434;&#x430;&#x442;&#x430;</subfield>
    <subfield code="d">1943</subfield>
  </datafield>
  <datafield tag="215" ind1=" " ind2=" ">
    <subfield code="a">1 &#x43B;.</subfield>
    <subfield code="d">30&#x445;41</subfield>
  </datafield>
  <datafield tag="300" ind1=" " ind2=" ">
    <subfield code="a">&#x41D;&#x430;&#x447;&#x430;&#x43B;&#x43E; &#x432; 19 &#x447;&#x430;&#x441;&#x43E;&#x432;. &#x41F;&#x440;&#x435;&#x434;&#x432;&#x430;&#x440;&#x438;&#x442;&#x435;&#x43B;&#x44C;&#x43D;&#x430;&#x44F; &#x43F;&#x440;&#x43E;&#x434;&#x430;&#x436;&#x430; &#x431;&#x438;&#x43B;&#x435;&#x442;&#x43E;&#x432; &#x435;&#x436;&#x435;&#x434;&#x43D;&#x435;&#x432;&#x43D;&#x43E; &#x432; &#x43A;&#x430;&#x441;&#x441;&#x435; &#x41A;&#x43B;&#x443;&#x431;&#x430; &#x421;. &#x41E;&#x440;&#x434;&#x436;&#x43E;&#x43D;&#x438;&#x43A;&#x438;&#x434;&#x437;&#x435; &#x441; 14 &#x434;&#x43E; 21 &#x447;&#x430;&#x441;.</subfield>
  </datafield>
  <datafield tag="300" ind1=" " ind2=" ">
    <subfield code="a">&#x417;&#x430;&#x43A;. &#x2116; 218</subfield>
  </datafield>
  <datafield tag="325" ind1=" " ind2=" ">
    <subfield code="a">&#x41A;&#x43E;&#x43F;&#x438;&#x44F; &#x434;&#x43E;&#x441;&#x442;&#x443;&#x43F;&#x43D;&#x430; &#x432; &#x42D;&#x43B;&#x435;&#x43A;&#x442;&#x440;&#x43E;&#x43D;. &#x431;-&#x43A;&#x435; &#x420;&#x41D;&#x411;</subfield>
  </datafield>
  <datafield tag="500" ind1="1" ind2="0">
    <subfield code="6">z77702</subfield>
    <subfield code="a">&#x420;&#x443;&#x441;&#x441;&#x43A;&#x438;&#x435; &#x43B;&#x44E;&#x434;&#x438;</subfield>
  </datafield>
  <datafield tag="606" ind1="1" ind2=" ">
    <subfield code="a">&#x422;&#x435;&#x430;&#x442;&#x440;&#x430;&#x43B;&#x44C;&#x43D;&#x430;&#x44F; &#x436;&#x438;&#x437;&#x43D;&#x44C;</subfield>
    <subfield code="j">&#x410;&#x444;&#x438;&#x448;&#x438;</subfield>
    <subfield code="y">&#x41B;&#x435;&#x43D;&#x438;&#x43D;&#x433;&#x440;&#x430;&#x434;, &#x433;&#x43E;&#x440;&#x43E;&#x434;</subfield>
    <subfield code="z">1941 - 1944</subfield>
    <subfield code="9">2398624</subfield>
    <subfield code="3">RU\NLR\AUTH\6601649837</subfield>
  </datafield>
  <datafield tag="686" ind1=" " ind2=" ">
    <subfield code="a">&#x429;333(2&#x420;=&#x420;&#x443;&#x441;)7-692&#x41B;&#x435;&#x43D;&#x438;&#x43D;&#x433;&#x440;&#x430;&#x434;</subfield>
  </datafield>
  <datafield tag="702" ind1=" " ind2="1">
    <subfield code="4">005</subfield>
    <subfield code="8">rus</subfield>
    <subfield code="7">ca</subfield>
    <subfield code="a">&#x421;&#x438;&#x43C;&#x43E;&#x43D;&#x43E;&#x432;</subfield>
    <subfield code="b">&#x41A;. &#x41C;.</subfield>
    <subfield code="c">&#x43F;&#x438;&#x441;&#x430;&#x442;&#x435;&#x43B;&#x44C;</subfield>
    <subfield code="f">1915-1979</subfield>
    <subfield code="g">&#x41A;&#x43E;&#x43D;&#x441;&#x442;&#x430;&#x43D;&#x442;&#x438;&#x43D; &#x41C;&#x438;&#x445;&#x430;&#x439;&#x43B;&#x43E;&#x432;&#x438;&#x447;</subfield>
    <subfield code="3">RU\NLR\AUTH\778243</subfield>
    <subfield code="9">118155</subfield>
  </datafield>
  <datafield tag="702" ind1=" " ind2="1">
    <subfield code="4">005</subfield>
    <subfield code="a">&#x41F;&#x435;&#x440;&#x433;&#x430;&#x43C;&#x435;&#x43D;&#x442;</subfield>
    <subfield code="b">&#x410;. &#x412;.</subfield>
    <subfield code="c">&#x442;&#x435;&#x430;&#x442;&#x440;. &#x440;&#x435;&#x436;&#x438;&#x441;&#x441;&#x435;&#x440;</subfield>
    <subfield code="f">1906-1969</subfield>
    <subfield code="g">&#x410;&#x43B;&#x435;&#x43A;&#x441;&#x430;&#x43D;&#x434;&#x440; &#x412;&#x438;&#x43A;&#x442;&#x43E;&#x440;&#x43E;&#x432;&#x438;&#x447;</subfield>
    <subfield code="9">202271</subfield>
    <subfield code="3">RU\NLR\AUTH\770202322</subfield>
  </datafield>
  <datafield tag="702" ind1=" " ind2="1">
    <subfield code="4">005</subfield>
    <subfield code="7">ca</subfield>
    <subfield code="8">rus</subfield>
    <subfield code="a">&#x427;&#x435;&#x441;&#x442;&#x43D;&#x43E;&#x43A;&#x43E;&#x432;</subfield>
    <subfield code="b">&#x412;. &#x418;.</subfield>
    <subfield code="c">&#x430;&#x43A;&#x442;&#x435;&#x440;</subfield>
    <subfield code="f">1904-1968</subfield>
    <subfield code="g">&#x412;&#x43B;&#x430;&#x434;&#x438;&#x43C;&#x438;&#x440; &#x418;&#x432;&#x430;&#x43D;&#x43E;&#x432;&#x438;&#x447;</subfield>
    <subfield code="9">202277</subfield>
    <subfield code="3">RU\NLR\AUTH\770202328</subfield>
  </datafield>
  <datafield tag="702" ind1=" " ind2="1">
    <subfield code="4">040</subfield>
    <subfield code="7">ca</subfield>
    <subfield code="8">rus</subfield>
    <subfield code="a">&#x41A;&#x43E;&#x432;&#x430;&#x43B;&#x435;&#x43D;&#x43A;&#x43E;</subfield>
    <subfield code="b">&#x412;. &#x41C;.</subfield>
    <subfield code="c">&#x442;&#x435;&#x430;&#x442;&#x440;. &#x445;&#x443;&#x434;&#x43E;&#x436;&#x43D;&#x438;&#x43A;, &#x444;&#x43E;&#x442;&#x43E;&#x433;&#x440;&#x430;&#x444;</subfield>
    <subfield code="f">1908-1966</subfield>
    <subfield code="g">&#x412;&#x44F;&#x447;&#x435;&#x441;&#x43B;&#x430;&#x432; &#x41C;&#x438;&#x445;&#x430;&#x439;&#x43B;&#x43E;&#x432;&#x438;&#x447;</subfield>
    <subfield code="9">202284</subfield>
    <subfield code="3">RU\NLR\AUTH\770202335</subfield>
  </datafield>
  <datafield tag="710" ind1="0" ind2="2">
    <subfield code="a">&#x422;&#x435;&#x430;&#x442;&#x440; &#x41A;&#x440;&#x430;&#x441;&#x43D;&#x43E;&#x437;&#x43D;&#x430;&#x43C;&#x435;&#x43D;&#x43D;&#x43E;&#x433;&#x43E; &#x411;&#x430;&#x43B;&#x442;&#x438;&#x439;&#x441;&#x43A;&#x43E;&#x433;&#x43E; &#x444;&#x43B;&#x43E;&#x442;&#x430;</subfield>
    <subfield code="3">RU\NLR\AUTH\889919681</subfield>
    <subfield code="9">335604</subfield>
  </datafield>
  <datafield tag="712" ind1="0" ind2="2">
    <subfield code="4">570</subfield>
    <subfield code="a">&#x41A;&#x43B;&#x443;&#x431; &#x438;&#x43C;. &#x421;. &#x41E;&#x440;&#x434;&#x436;&#x43E;&#x43D;&#x438;&#x43A;&#x438;&#x434;&#x437;&#x435;</subfield>
    <subfield code="c">&#x41B;&#x435;&#x43D;&#x438;&#x43D;&#x433;&#x440;&#x430;&#x434;</subfield>
    <subfield code="9">657467</subfield>
    <subfield code="3">RU\NLR\AUTH\880498846</subfield>
  </datafield>
  <datafield tag="852" ind1=" " ind2=" ">
    <subfield code="a">NLR</subfield>
    <subfield code="j">&#x41B;3-330&#x430;/10/3/1943-&#x438;&#x44E;&#x43B;&#x44C;(7)</subfield>
  </datafield>
  <datafield tag="856" ind1=" " ind2="0">
    <subfield code="u">http://vivaldi.nlr.ru/la700000308/view</subfield>
  </datafield>
  <datafield tag="856" ind1=" " ind2="1">
    <subfield code="u">http://vivaldi.nlr.ru/la700000308/cover</subfield>
  </datafield>
  <datafield tag="856" ind1=" " ind2="2">
    <subfield code="u">http://vivaldi.nlr.ru/la700000308/text</subfield>
  </datafield>
  <datafield tag="942" ind1=" " ind2=" ">
    <subfield code="c">VISUAL</subfield>
  </datafield>
  <datafield tag="945" ind1=" " ind2=" ">
    <subfield code="a">&#x420;&#x43E;&#x441;&#x441;&#x438;&#x439;&#x441;&#x43A;&#x430;&#x44F; &#x43D;&#x430;&#x446;&#x438;&#x43E;&#x43D;&#x430;&#x43B;&#x44C;&#x43D;&#x430;&#x44F; &#x431;&#x438;&#x431;&#x43B;&#x438;&#x43E;&#x442;&#x435;&#x43A;&#x430;</subfield>
  </datafield>
  <datafield tag="980" ind1=" " ind2=" ">
    <subfield code="a">NB</subfield>
  </datafield>
  <datafield tag="980" ind1=" " ind2=" ">
    <subfield code="a">BV</subfield>
  </datafield>
  <datafield tag="980" ind1="3" ind2=" ">
    <subfield code="a">kplen</subfield>
  </datafield>
  <datafield tag="980" ind1="3" ind2=" ">
    <subfield code="a">kp</subfield>
  </datafield>
  <datafield tag="981" ind1="3" ind2="7">
    <subfield code="a">(37) &#x41B;&#x435;&#x43D;&#x438;&#x43D;&#x433;&#x440;&#x430;&#x434; &#x432; &#x412;&#x435;&#x43B;&#x438;&#x43A;&#x43E;&#x439; &#x41E;&#x442;&#x435;&#x447;&#x435;&#x441;&#x442;&#x432;&#x435;&#x43D;&#x43D;&#x43E;&#x439; &#x432;&#x43E;&#x439;&#x43D;&#x435;</subfield>
    <subfield code="b">(37) &#x410;&#x444;&#x438;&#x448;&#x438; &#x431;&#x43B;&#x43E;&#x43A;&#x430;&#x434;&#x43D;&#x43E;&#x433;&#x43E; &#x41B;&#x435;&#x43D;&#x438;&#x43D;&#x433;&#x440;&#x430;&#x434;&#x430;</subfield>
  </datafield>
</record>
